Municipalities of Waupaca County, WI - Statistics

General Stats
  • This quiz has been taken 6 times
  • The average score is 18 of 29
Answer Stats
Hint Answer % Correct
"E" It is one of the new emotions in the Inside Out 2 movie. Or, when you stutter In front of your friends and then they laugh at you. You would feel this emotion. Embarrass
100%
"N and L" London but it's new. 🤨 (put the words together) New London
100%
"S" The countries Sweden, Norway, Finland etc. Are in what part of Europe? Scandinavia
100%
"W" This city is the county's county seat. (please tell me if I worded that wrong) Waupaca
100%
"B and C" A bear by a creek. (put the words together) Bear Creek
75%
"C" CALifornia + EDen+ ONIA (add up the parts of the word that is big) Caledonia
75%
"C" Hilary _ _ _ _ _ _ _ plus part of the word "village" and change one word at the "village" part. Clintonville
75%
"H" William Henry _ _ _ _ _ _ _ _ (blank space is the municipality name) Harrison
75%
"I" Viola but minus one letter. Iola
75%
"O" OmG + DENSe + BlacksBURG (add up the parts of the word that is big) Ogdensburg
75%
"B and F" Wow that's a big fall! (multiple aka plural) Big Falls
50%
"D" This name is the name of a city in Ohio not too far from the capital of Ohio and has a population of 135,512. (as of 2023) Dayton
50%
"D" DUke + POrt + NT (add up the parts of the word that is big) Dupont
50%
"F" FARM + rINGing + middleTON (add up the parts of the word that is big) Farmington
50%
"F" Vermont but swap two letters and make the first letter "E." Fremont
50%
"H" Velveta but add the letters "I" and "H" somewhere in the municipality. Helvetia
50%
"L" Larry, a bee! (put the words together to get it and change one letter that is a vowel) (a, e, i, o, and u) Larrabee
50%
"L" This is the name of another county in the Middle East that is placed above Israel. Lebanon
50%
"L" "Lint" but change the last letter. (try the whole alphabet because i'm not telling you >;) Lind
50%
"L and W" The animal that threatened to eat little red riding hood or something like that but it contains the word little. Little Wolf
50%
"M" It is considered the middle town of the county because it is in the middle of the county and it has it's own millpond/pond. (I will allow you to look on google maps 😔) Manawa
50%
"M" Don _ _ _ _ _ _ Davis is a famous American child actor. (his middle name is the name of the municipality) Marion
50%
"M" It sounds like Madison but very worse. 😭 "Go get the Matte son!" Matteson
50%
"M" MUKey + WAter (I couldn't think of anything else to do for this one just add up the parts of the word that is big) Mukwa
50%
"R" If all of the royals lived here it would be a town. Hint: it ends in -ton. Royalton
50%
"S and L" The first word is saint, the last word is a common name for a guy in the 1800/1900, and is a common city name. St. Lawrence/Saint Lawrence
50%
"U" European _ _ _ _ _ (only the blank word) Union
50%
"W" This municipality means "here we rest" in an indigenous language that was controlled by the Winnebago Tribe. Weyauwega
50%
"W" This is the name of another state that is VERY unpopulated. Wyoming
50%
No matching quizzes found
Score Distribution
Percent of People with Each Score
Percentile by Number Answered
Your Score History
You have not taken this quiz